| 000 | 00000nam 2200000zi 4500 |
| 001 | 9.947121 |
| 003 | CaOODSP |
| 005 | 20250121091710 |
| 006 | m o d f |
| 007 | cr bn||||||||| |
| 008 | 250120s1999 onca obu f000 0 eng d |
| 020 | |z066017863X |
| 040 | |aCaOODSP|beng|erda|cCaOODSP |
| 043 | |an-cn--- |
| 086 | 1 |aNR36-1/1995-5E-PDF|zNR36-1/1995-5E |
| 245 | 00|aUser's Guide - NBC 1995 : |bEnvironmental Separation (Part 5) / |cissued by the Canadian Commission on Building and Fire Codes. |
| 246 | 13|aUser's guide - National Building Code of Canada 1995 : |bEnvironmental Separation (Part 5) |
| 250 | |aDraft copy, First edition, first printing. |
| 264 | 1|aOttawa : |bNational Research Council of Canada, |c1999. |
| 300 | |a1 online resource (1 volume (various pagings)) : |billustrations |
| 336 | |atext|btxt|2rdacontent |
| 337 | |acomputer|bc|2rdamedia |
| 338 | |aonline resource|bcr|2rdacarrier |
| 500 | |aCover title. |
| 500 | |aThe catalogue number (NR36-1/1995-5E) and ISBN (066017863X) for the print edition have been copied in this electronic publication. |
| 500 | |aIssued also in French under title: Guide de l'utilisateur - CNB 1995 : Séparation des milieux différents (partie 5). |
| 504 | |aIncludes bibliographical references. |
| 520 | |a"This User's Guide discusses Part 5 as it appears in the National Building Code of Canada (NBC) 1995 and is intended to provide users with a better understanding of the requirements in Part 5. Increased knowledge of the objectives of the requirements, and the general principles on which they are based, will help the user comply with the NBC and ensure that the building envelope and other elements separating dissimilar environments meet the required performance levels"--Preface, page v. |
| 650 | 0|aBuilding laws|zCanada. |
| 650 | 0|aBuildings|xStandards|zCanada. |
| 710 | 2 |aCanadian Commission on Building and Fire Codes, |eissuing body. |
| 775 | 08|tGuide de l'utilisateur - CNB 1995 : |w(CaOODSP)9.947122 |
| 856 | 40|qPDF|s591 KB|uhttps://publications.gc.ca/collections/collection_2025/cnrc-nrc/NR36-1-1995-5-eng.pdf |
| 986 | |a43409 |